Statistics for Foods that Start with S

Click here to take the quiz!

General Stats

  • This quiz has been taken 59,667 times
    (14,027 since last reset)
  • The average score is 15 of 20

Answer Stats

Answer% Correct
Strawberry
100%
Salmon
98%
Spaghetti
97%
Shrimp
97%
Sugar
96%
Sushi
95%
{Sesame} Seeds
89%
Sweet Potato
87%
Spinach
79%
Sardines
77%
Star Fruit
76%
Swiss Cheese
73%
Soufflé
70%
Scallop
65%
Saffron
60%
Snow Pea
56%
Samosa
55%
Schnitzel
48%
Sage
45%
Soybean
31%

Score Distribution

Percentile by Number Answered

Percent of People with Each Score

Your Score History

You have not taken this quiz since the last reset